000 00349nam a2200157 a 4500
003 DLC
005 20210219152715.0
022 _a0229-3099
035 _aUPN01000059329
245 0 0 _aALBERTA SCIENCE TEACHER
260 _aEUA :
_bAlberta Teacher's Association
653 0 _aMAESTROS
653 0 _aCIENCIA
905 _aRevista
999 _c59326
_d59326